000
00494nam a2200181Ia 4500
008
100917s9999 xx 000 0 und d
082
_b
29887
100
_a
खानोलकर चिं. त्र्यं.
245
_a
सं. अभोगी
260
_b
अमेय प्रकाशन
_c
1976
300
_a
73
365
_b
7
520
_a
नाटक
630
_a
सं. अभोगी
650
_a
नाटक
730
_a
सं. अभोगी
942
_c
BOOK
999
_c
635281
_d
635278